01489nab a22002417a 4500003000400000005001700004008004100021040000700062100002700069245011800096260007300214300001500287500007500302505052900377505008900906650001500995650001101010650002201021650002901043650002801072650001101100773013601111OSt20260131204506.0190603e xxum|||| |||| 00| 0 spa d cPJ aCafferata, Juan Manuel10aAlgunas reflexiones sobre el monto máximo como límite en materia de fianza general /cJuan Manuel Cafferata.  cCiudad Autónoma de Buenos Aires :aThomson Reuters La Ley, b2025. ap. 238-245 aCita: TR LALEY AR/DOC/2863/2025 Publicado en: RCCyC 2025 (Diciembre). aSumario: I. La fianza general.— II. El monto máximo.— III. La determinación del monto máximo.— IV. ¿Puede fijarse el monto máximo en moneda extranjera?— V. Alcance del monto máximo.— VI. La cuestión de las costas.— VII. El límite de responsabilidad y la imputación del pago.— VIII. Aplicación de oficio del monto máximo.— IX. Carácter de la exigencia legal.— X. Sanción.— XI. Carácter de la nulidad.— XII. El problema del cómputo del plazo de prescripción de la nulidad.  t¿Te interesa el texto completo? Solicitalo al correo: koha@justierradelfuego.gov.ar 0aCONTRATOS  0aFIANZA 0aMONEDA EXTRANJERA 0aLIQUIDACION DE INTERESES 0aEXPRESIÓN DE AGRAVIOS 0aCOSTAS0 02713dCiudad Autónoma de Buenos Aires : Thomson Reuters La Ley, 2015-tRevista Código Civil y Comercial. Nº 6 - Diciembre 2025